| 000 | 00610nam a22001937a 4500 | ||
|---|---|---|---|
| 003 | OSt | ||
| 005 | 20140310182844.0 | ||
| 008 | 130610t xxu||||| |||| 00| 0 eng d | ||
| 050 |
_aPN 6231 _b.R693 1968 |
||
| 082 |
_aM 818.5402 _bF66 1968 |
||
| 245 |
_aFlower power : hundreds of cartoons, jokes, gag lines, limericks, all calculated to keep you roaring with laughter! / _cRodman, Richard |
||
| 260 |
_aTexas : _bSRI Publishing Company, _c1968 |
||
| 300 |
_a190 p. : _bill. ; _c18 cm. |
||
| 521 | _acollege students | ||
| 526 | _c1210L-1700L | ||
| 541 | _j1 | ||
| 562 | _e1 | ||
| 942 |
_2lcc _cBK _kM |
||
| 999 |
_c16893 _d16893 |
||